书目信息 |
| 题名: |
旅客奇谈
|
|
| 作者: | 华盛顿·欧文 著 ;王星贤 , 万紫 , 汤定九 译 | |
| 分册: | ||
| 出版信息: | 南昌 百花洲文艺出版社 2011.03 |
|
| 页数: | 264页 | |
| 开本: | 23cm | |
| 丛书名: | 外国文学经典阅读丛书 | |
| 单 册: | ||
| 中图分类: | I712.44 | |
| 科图分类: | ||
| 主题词: | 长篇小说--chang pian xiao shuo--美国--近代 | |
| 电子资源: | ||
| ISBN: | 978-7-80647-949-0 | |
| 000 | 01228nam 2200289 450 | |
| 001 | CAL 012010026733 | |
| 005 | 20111226165755.64 | |
| 010 | @a978-7-80647-949-0@dCNY33.80 | |
| 100 | @a20100305d2011 ekmy0chiy50 ea | |
| 101 | 1 | @achi@ceng |
| 102 | @aCN@b110000 | |
| 105 | @ay z 000ay | |
| 200 | 1 | @a旅客奇谈@Alv ke qi tan@f华盛顿·欧文著@Fhua sheng dun·ou wen zhu@g王星贤, 万紫, 汤定九译 |
| 205 | @a第2版 | |
| 210 | @a南昌@c百花洲文艺出版社@d2011.03 | |
| 215 | @a264页@d23cm | |
| 225 | 2 | @a外国文学经典阅读丛书@Awai guo wen xue jing dian yue du cong shu@i美国文学经典 |
| 330 | @a本书主要内容有:一位神经质先生所说的奇异故事,白克桑和他的朋友们,意大利强盗,掘金者等。 | |
| 410 | 0 | @12001 @a外国文学经典阅读丛书@i美国文学经典 |
| 606 | 0 | @a长篇小说@Achang pian xiao shuo@y美国@z近代 |
| 690 | @aI712.44@v4 | |
| 701 | 1 | @a华盛顿·欧文@Ahua sheng dun·ou wen@g(Irving, Washington),@f1783-1859@4著@3CAL n2004366043#@7jt0yjt0y@7ec0yec0y@a华盛顿·欧文@Ahua sheng dun·ou wen@4著 |
| 702 | 0 | @a王星贤@AWang Xingxian@4译 |
| 702 | 0 | @a万紫@AWan Zi@c(文学),@f1915-@4译@3CAL n2004003007#@7jt0yjt0y@7ec0yec0y |
| 702 | 0 | @a汤定九@Atang ding jiu@4译 |
| 801 | 0 | @aCN@bZZRC@c20111226 |
| 905 | @a241720@dI712.44@eO3551=2@f3 | |
| 旅客奇谈/华盛顿·欧文著/王星贤, 万紫, 汤定九译.-第2版.-南昌:百花洲文艺出版社,2011.03 |
| 264页;23cm.-(外国文学经典阅读丛书.美国文学经典) |
| ISBN 978-7-80647-949-0:CNY33.80 |
| 本书主要内容有:一位神经质先生所说的奇异故事,白克桑和他的朋友们,意大利强盗,掘金者等。 |
| ● |
| 相关链接 |
|
|
|
正题名:旅客奇谈
索取号:I712.44/O3551=2
 
预约/预借
| 序号 | 登录号 | 条形码 | 馆藏地/架位号 | 状态 | 备注 |
| 1 | 1067629 | 210676295 | 社科二线400B/400B社科库 13排3列2层/ [索取号:I712.44/O3551=2] | 在馆 | |
| 2 | 1067630 | 210676302 | 文学库116/116文学库 26排1列2层/ [索取号:I712.44/O3551=2] | 在馆 | |
| 3 | 1067631 | 210676311 | 社科二线400B/400B社科库 13排2列1层/ [索取号:I712.44/O3551=2] | 在馆 |